K vývoji peněžních příjmů domácností a životních nákladů v roce 2002

Vývoj príjmovej situácie domácností v ČR v roku 2002. Pracovné príjmy. Sociálne príjmy. Ostatné príjmy. Výdavky domácností. Úspory.

Gespeichert in:
Bibliographische Detailangaben
1. Verfasser: Holánová, Eva
Format: Buchkapitel
Sprache:Tschechisch
Schlagworte:
Tags: Tag hinzufügen
Keine Tags, Fügen Sie das erste Tag hinzu!

MARC

LEADER 00000naa$a2200000$$$4500
001 0003842
005 20230913072447.8
041 0 |a cze 
044 |a CZ 
245 1 0 |a K vývoji peněžních příjmů domácností a životních nákladů v roce 2002  |c aut. Eva Holánová a kol. 
520 |a Vývoj príjmovej situácie domácností v ČR v roku 2002. Pracovné príjmy. Sociálne príjmy. Ostatné príjmy. Výdavky domácností. Úspory. 
610 2 0 |a domácnosti 
610 2 0 |a príjmy peňažné 
610 2 0 |a náklady životné 
610 2 0 |a príjmy sociálne 
610 2 0 |a výdavky obyvateľstva 
610 2 0 |a úspory obyvateľstva 
610 2 0 |a 2002 
610 2 0 |a Česko 
100 1 |a Holánová, Eva